📖 150 premiers mots "Ni d'Eve, ni d'Adam" AmĂ©lie Nothomb - Statistiques

Statistiques générales
  • Ce quiz a Ă©tĂ© pris 11 fois
  • Le rĂ©sultat moyen est 84 sur 150
Statistiques - réponses
Mots % Correct
Ă 
100%
À
100%
d'
100%
de
100%
Et
100%
m'
100%
n'
100%
Omote-Sando.
100%
Omote-Sando,
100%
s'
100%
Tokyo,
100%
ce
90%
En
90%
en
90%
"Il
90%
Il
90%
je
90%
Je
90%
je.
90%
la
90%
La
90%
Le
90%
le
90%
me
90%
son
90%
pour
80%
un
80%
vous
80%
Au
70%
au
70%
ĂȘtre
70%
ne
70%
pas
70%
pas.
70%
plus
70%
plus.
70%
que
70%
quoi
70%
une
70%
1989.
60%
26
60%
avais
60%
comme
60%
dans
60%
lui
60%
savais
60%
avait
50%
janvier,
50%
mĂȘme.
50%
non
50%
eu
40%
pensai-
40%
pris
40%
soir
40%
cela
30%
Cela
30%
demander
30%
heures. ...
30%
mien.
30%
nom,
30%
peut-
30%
quinze
30%
rien
30%
semblé
30%
vers
30%
allait
20%
apprendre
20%
compte
20%
efficace
20%
esprit
20%
français.
20%
français,
20%
fut
20%
japonais
20%
jeune.
20%
moyen
20%
numéro,
20%
petite
20%
présence
20%
rappela
20%
reconnaĂźtrais,
20%
rendis
20%
annonce :
10%
arranger.
10%
café
10%
forte
10%
raison
10%
Rendez-
10%
sonna
10%
téléphone
10%
voix
10%
aiderait
0%
beaucoup.
0%
compris
0%
"Cours
0%
enseigner
0%
intéressant".
0%
jeunesse
0%
laissai
0%
lendemain,
0%
manquait
0%
motif",
0%
particuliers
0%
parut
0%
prix
0%
raccrochant,
0%
rappellera
0%
supermarché,
0%
Aucun quiz correspondant
Distribution des résultats
% des personnes avec chaque résultat
Percentile par nombre de réponses
Votre historique - résultats
Vous n’avez pas pris ce quiz